Systém pre podporu výučby s možnosťou generovania zadaní = System for support teaching with possibility to generate assignments : Bakalárska práca

Na minha lista:
Detalhes bibliográficos
Autor principal: Kajtár, Patrik (Author)
Outros Autores: Zeman, Jaroslav, 1982- (xxx)
Formato: Manuscrito Livro
Idioma:eslovaco
Publicado em: Trnava : STU v Bratislave MTF UIAM, 2007
Assuntos:
Tags: Adicionar Tag
Sem tags, seja o primeiro a adicionar uma tag!

MARC

LEADER 00000ntm a22000003a 4500
001 stu149986
005 20160719155727.2
008 071121s2007----xo------------------slo-d
040 |a STU  |b slo 
041 0 |a slo 
044 |a xo 
100 1 |a Kajtár, Patrik  |4 aut 
245 1 |a Systém pre podporu výučby s možnosťou generovania zadaní = System for support teaching with possibility to generate assignments :  |b Bakalárska práca 
260 |a Trnava :  |b STU v Bratislave MTF UIAM,  |c 2007 
300 |a 56 s  |c príl (1 CD-ROM) 
500 |a Program: Aplikovaná informatika a automatizácia v priemysle 
650 7 |a počítačová podpora výroby  |2 stusub 
650 7 |a generovanie údajov  |2 stusub 
700 1 |a Zeman, Jaroslav,  |d 1982-  |4 xxx  |u M180  |U MTF Materiálovotechnologická fakulta  |T MTF Katedra aplikovanej informatiky a automatizácie  |X 4619  |U M180  |Y 166  |7 A000004619 
996 |b 284M066805  |c M*BP-2948  |l MMSKP  |s P  |a 0  |w stu149986_0001